000 02516nam0a2200361 4500
001 RU\NLR\BIBL_A\012688703
005 20220225170925.0
010 _a978-5-04-155020-2
_92500
021 _aRU
_bКН-П-21-066481
_9КН-П-21-5249
035 _a(NLR Aleph) 012688703
035 _a(RuMoRGB)010819477
090 _a12839675
_c12839675
100 _a20220120d2021 k y0rusy50 ca
101 0 _arus
102 _aRU
105 _ay z 000ay
181 0 _ai
_baxxe
182 0 _an
200 1 _aАзъ есмь Софья
_iСестра
_fГалина Гончарова
203 _aТекст
_bвизуальный
_cнепосредственный
210 _aМосква
_cЭксмо
_d2021
215 _a444, [1] с.
_d21
225 1 _aКолдовские миры
330 _aСофья Романовна Ромашкина, бизнес-леди и глава крупной компании, о своем диагнозе знала. И к шансу "обрести новую жизнь" и "переселиться в новое тело" отнеслась с нормальной для умного человека иронией. Поэтому первым шоком для нее стало пробуждение вообще, вторым - пробуждение в теле маленькой девочки и третьим - осознание, что девочка эта - царевна Софья. Та самая сестра, с которой потом будет бороться за власть Петр I. Однако изумление - проходяще, а желание жить, и жить достойно, - вечно. Как же все случится на этот раз? Опять несбывшиеся надежды, поражение, монастырь? Или все-таки возможен иной выход? Из терема, из старорусской жизни с ее запретами и обычаями? Из безысходности, которая от рождения до смерти сопровождала каждую русскую царевну?
333 _a16+
675 _a821.161.1-31
_v4
686 2 _aШ6(2=Р)8-445
700 1 _aГончарова
_bГ. Д.
_cписатель
_gГалина Дмитриевна
_9207570
_3RU\NLR\AUTH\770207623
942 _cBOOK
980 _aNB